| 000 | 00849nam a2200217Ii 4500 | ||
|---|---|---|---|
| 003 | JO-AjNU | ||
| 008 | 230605s9999||||xx |||||||||||||| ||und|| | ||
| 040 |
_aJO-AjNU _bara _erda _cJO-AjNU |
||
| 041 | _aara | ||
| 050 | 1 | 4 | _aHG5816.M8378 1982 |
| 100 | 3 |
_aجابر، محمد صالح, _eauthor _941185 |
|
| 245 | 0 | 0 | _aالاستثمار بالاسهم والسندات وتحليل الاوراق المالية |
| 250 | _aط1 | ||
| 264 | 3 | 1 | _aبغداد: دار الرشيد للنشر، 1982 |
| 300 |
_a316ص _bيحتوي على مصطلحات مالية وجداول مالية من ص 263-316ص |
||
| 336 |
_atext _btxt _2rdacontent |
||
| 337 |
_aunmediated _bn _2rdamedia |
||
| 338 |
_avolume _bnc _2rdacarrier |
||
| 490 | 0 | _aسلسلة دراسات؛ 312 | |
| 650 | 4 |
_aالاستثمار - الاسهم - السندات - تحليل _941186 |
|
| 999 |
_aA17539 _c21107 _d21107 |
||